Score 0/20 Timer 03:00
0 Plays Today
Clue POO Thing % Correct
Having very little moneyPOOr
95.5%
Another name for the game of billiardsPOOl
92.3%
A popular tufted show dogPOOdle
91.7%
Friend of a fork and knifesPOOn
91.6%
Cleanser for your hair on your nogginshamPOO
91.3%
Honey bear that lives in Hundred Acre WoodWinnie-the-POOh
89%
A spear used for whalingharPOOn
82.5%
National ____'s Christmas Vacation; a parodylamPOOn
82.3%
A reel to wind thread or wiresPOOl
79.4%
Titanic was registered in this UK cityliverPOOl
70.1%
Clue POO Thing % Correct
Interjection indicating a sudden vanishingPOOf
69.3%
Slang term for a dogPOOch
68.4%
One who brings down the mood at a fiestaparty POOper
67.2%
A circularly flowing body of waterwhirlPOOl
64.5%
Scary or eeriesPOOky
56.7%
A very humorous imitationsPOOf
53.4%
A young child of Native AmericanspaPOOse
34.1%
Remnant left behind by animals for trackingsPOOr
18.4%
'A well-boiled icicle' for 'A well-oiled bicycle' sPOOnerism
17.3%
A fool or complete simpletonnincomPOOp
10.9%
Come Together.
Have Fun.
All Virtual.
We all need to come together. Play Sporcle's virtual live trivia to have fun, connect with people, and get your trivia on. Join a live hosted trivia game for your favorite pub trivia experience done virtually. If a virtual private party is more your thing, go here for details.

You're not logged in!

Compare scores with friends on all Sporcle quizzes.
OR
Log In

Sporcle TV

Today on Sporcle TV


Watch our educational content, quiz creation guides, and fun videos on Sporcle TV.

Show Comments

Extras

Top Quizzes Today


Score Distribution

Paid Content

Your Account Isn't Verified!

In order to create a playlist on Sporcle, you need to verify the email address you used during registration. Go to your Sporcle Settings to finish the process.

Report this User

Report this user for behavior that violates our Community Guidelines.

Details: